00161nam a2200073Ia 4500008004100000041000800041100001900049245001900068250605s9999 xx 000 0 und d aeng aShaswati Singh aCoverfox Group